000 00626nam a2200229 a 4500
008
020 _a0852976143 (pbk.)
049 _aMAIN
090 _aHF5635POW
100 _aPowell, Pam
245 _aAccounting analysis and planning /
_cPam Powel
260 _aKent :
_bFinancial World,
_c(199?)
300 _ax, 382 p. ;
_c25 cm.
504 _aIncludes bibliographical references.
500 _aIncludes index.
650 _aAccounting.
907 _a.b10096899
_b20-06-06
_c26-11-03
003
005 20230123133512.0
040 _cNUST
942 _cBOOKS
_kHF5635POW
999 _c149700
_d149700